000 00893ngm a2200313 a 4500
003 BLK
005 20240530130007.0
007 m| caa|akaadaaaac
008 180410b bul||n||s|||||||| n|bulo|
010 _aCDD00002295000
040 _aBLK
041 _aBUL
_cBUL
080 _aДокументални филми
_b791.229
_z791.229
139 _aСедемте чудеса на древния свят [DVD]
_bС 30
245 1 0 _aСедемте чудеса на древния свят [DVD]
257 _aBGR
260 _c2006
380 _a7
490 _aТайни и загадки
_v9
590 _aS.N: 70796 от КНИГИ
852 _aЦб CD 4801
_p0
856 4 _qpdf
_u
856 4 _qpdf
_u
942 _cCDD
_n0
_s1
944 _aCR
_c25.01.2007
_k30560
_lГеновева Генчева
944 _aED
_c29.06.2011
999 _c219866
_d219866
999 _d219866
999 _d219866